000 00312nam a2200121Ia 4500
008 241015s9999 xx 000 0 und d
041 _aeng
082 _a510.2433 WAT
100 _aReid Watts
245 _aMathematics For Economics
260 _bLarsen And Keller Education
_aUSA
_c2023
300 _a246;. P. 28 cm
999 _c41599
_d41599